Biggest European Cities by Letter - P - Statistics

General Stats
  • This quiz has been taken 402 times
    260 since last reset
  • The average score is 11 of 16
Answers on the Map
Answers color-coded by a green-red scale on the quiz's map according to % correct below.
 
Answer Stats
Country Population City % Correct
France 2,133,111 Paris
99%
Czech Republic 1,301,432 Prague
99%
Portugal 231,800 Porto
94%
Italy 628,894 Palermo
89%
United Kingdom 223,312 Portsmouth
81%
United Kingdom 266,983 Plymouth
77%
Spain 430,640 Palma de Mallorca
74%
Italy 198,496 Parma
64%
Poland 538,439 Poznan
62%
Bulgaria 325,485 Plovdiv
61%
Spain 206,233 Pamplona
60%
Italy 207,304 Padua
56%
Russia 1,034,002 Perm
52%
Greece 196,937 Patras
47%
Ukraine 279,593 Poltava
32%
Russia 501,109 Penza
27%
No matching quizzes found
Score Distribution
Percent of People with Each Score
Percentile by Number Answered
Your Score History
You have not taken this quiz since the last reset